000 00995nam a2200277Ia 4500
003 OSt
005 20220926005110.0
006 a|||||r|||| 00| 0
007 ta
008 220923b |||||||| |||| 00| 0 eng d
020 _a9788178298597
_c590.75
037 _b351, 29/12/2008, Bharatiya Sahitya Bhavana
_cGeneral Book
040 _aRTL
_cRTL
_beng
041 _2eng
_aeng
082 _aU2856-6715.49G, P8
100 _aJairath Jasveen Ed.
_9309727
245 0 _aDroughts and integrated water resource management in south asia
_b Issues, alternative and futures
260 _a New Delhi
_bSage Publications
_c2008
300 _axx, 356p.
_ccm.
490 _aWater In South Asia, Vol- 2
500 _aBibliography: Various paginations
650 _aGeography
700 _a Ballabh Vishwa Ed.
942 _hU2856-6715.49G, P8
_cGB
_2CC
999 _c612987
_d612987